000 00265nam a22001217a 4500
003 SGT
082 _a658.4,KEL
100 _aKELLER,GERALD
245 _aSTATISTICS FOR MANAGEMENT
250 _a1ST
260 _aNEW DELHI
_b CENGAGE LEARNING
_c2009
942 _2ddc
_cCD
999 _c10811
_d10811